000 00226nam a2200097Ia 4500
008 240331s9999 xx 000 0 und d
082 _bMAR
100 _aSatchidanandan, K
245 0 _aMarxia azhagial :
_boru munnurai
942 _cL
999 _c3592
_d3592